| 000 | 00625nam a2200181Ia 4500 | ||
|---|---|---|---|
| 008 | 090123s9999 xx 000 0 und d | ||
| 082 | _b1198 | ||
| 100 | _aकर्वे इरावती | ||
| 245 | _aमराठी लोकांची संस्कृती | ||
| 250 | _a2 | ||
| 260 | _bदेशमुख रा.ज. | ||
| 300 | _a271 | ||
| 600 | _aकर्वे इरावती | ||
| 630 | _aमराठी लोकांची संस्कृती | ||
| 700 | _aकर्वे इरावती | ||
| 730 | _aमराठी लोकांची संस्कृती | ||
| 942 | _cBOOK | ||
| 999 |
_c39282 _d39282 |
||